| 000 | 00616nam a2200217 a 4500 | ||
|---|---|---|---|
| 001 | 3564 | ||
| 005 | 20140414132027.0 | ||
| 008 | 040112s19uu xx 00 eng d | ||
| 020 | _a0-89565-279-x | ||
| 050 |
_aTR _bM66 1984 |
||
| 100 | _aMoncure, Jane Belk | ||
| 245 |
_aMy "d" book / _cJane Belk Moncure. |
||
| 260 |
_aChicago : _bThe Child's World, _c1984. |
||
| 300 | _a29 p. ; cm. | ||
| 440 | _aMy first steps to reading | ||
| 500 | _aTR/PS | ||
| 520 | _aLittle d plays with many things beginning with the letter "d". | ||
| 650 | _aChildren stories, American. | ||
| 650 | _aAlphabet. | ||
| 999 |
_c113558 _d113558 |
||